000 00765nam a2200229 i 4500
001 129408
003 ES-MaACL
005 20250817023709.0
007 t|
008 070614s1970 sp |||| | spa d
080 _a1(082.2)
245 0 0 _aTextos de los grandes filósofos.
_n1,
_pEdad Antigua /
_c[selección] de Roger Verneaux ; [versión de Mª Luisa Medrano].
260 _aBarcelona :
_bHerder,
_c1970.
300 _a129 p. ;
_c22 cm.
490 1 _aCurso de filosofía tomista ;
_v12
650 1 7 _aFilosofía antigua
_2embne
_9138724
700 1 _aVerneaux, Roger,
_d1906-1997
_9114166
700 1 _aMedrano, Luisa.
_979773
830 0 _aCurso de filosofía tomista ;
_v12
_9186770
852 _aES-MaACL
_jC-38603
999 _c129408
_d129408